[Event "WYCC Girls U16"]
[Site "Porto Carras"]
[Date "2015.11.01"]
[Round "7.3"]
[White "Narva, Mai"]
[Black "Kiolbasa, Oliwia"]
[Result "0-1"]
[BlackElo "2182"]
[WhiteElo "2203"]
[LiveChessVersion "1.4.6"]

1. e4 {[%clk 1:30:57]} c5 {[%clk 1:30:47]} 2. Nf3 {[%clk 1:31:15]} a6
{[%clk 1:31:02]} 3. c3 {[%clk 1:31:07]} d5 {[%clk 1:31:08]} 4. exd5
{[%clk 1:30:59]} Qxd5 {[%clk 1:31:17]} 5. d4 {[%clk 1:31:11]} Nf6
{[%clk 1:29:45]} 6. Be2 {[%clk 1:29:41]} e6 {[%clk 1:29:00]} 7. O-O
{[%clk 1:29:18]} Nc6 {[%clk 1:29:16]} 8. Be3 {[%clk 1:25:59]} cxd4
{[%clk 1:29:22]} 9. cxd4 {[%clk 1:25:53]} Be7 {[%clk 1:26:25]} 10. Nc3
{[%clk 1:24:54]} Qd6 {[%clk 0:55:52]} 11. Bc4 {[%clk 1:19:05]} b5
{[%clk 0:47:00]} 12. Bd3 {[%clk 1:17:38]} Nb4 {[%clk 0:41:43]} 13. Ne4
{[%clk 1:14:44]} Nxe4 {[%clk 0:42:04]} 14. Bxe4 {[%clk 1:15:07]} Nd5
{[%clk 0:42:05]} 15. Ne5 {[%clk 1:14:47]} O-O {[%clk 0:31:01]} 16. Qh5
{[%clk 1:08:05]} f5 {[%clk 0:28:26]} 17. Bf3 {[%clk 1:07:03]} Bb7
{[%clk 0:26:55]} 18. Rfe1 {[%clk 1:06:06]} Rac8 {[%clk 0:21:21]} 19. Nd3
{[%clk 1:04:03]} Bf6 {[%clk 0:18:54]} 20. Rac1 {[%clk 0:57:07]} Ba8
{[%clk 0:16:11]} 21. Qh3 {[%clk 0:51:39]} Rce8 {[%clk 0:04:33]} 22. Nc5
{[%clk 0:46:35]} Rc8 {[%clk 0:01:48]} 23. Bd2 {[%clk 0:39:46]} Rfe8
{[%clk 0:01:44]} 24. Nb3 {[%clk 0:37:56]} Rc4 {[%clk 0:01:35]} 25. g3
{[%clk 0:26:18]} Rec8 {[%clk 0:01:19]} 26. Qg2 {[%clk 0:24:04]} Rxc1
{[%clk 0:01:31]} 27. Bxc1 {[%clk 0:22:16]} a5 {[%clk 0:01:20]} 28. Qf1
{[%clk 0:11:39]} a4 {[%clk 0:01:03]} 29. Nc5 {[%clk 0:10:50]} Re8
{[%clk 0:00:39]} 30. Qxb5 {[%clk 0:03:35]} Bc6 {[%clk 0:00:56]} 31. Qa6
{[%clk 0:02:17]} Bxd4 {[%clk 0:00:46]} 32. Nd3 {[%clk 0:00:56]} e5
{[%clk 0:00:42]} 33. Qc4 {[%clk 0:01:07]} Rd8 {[%clk 0:00:33]} 34. Bg5
{[%clk 0:01:01]} Rd7 {[%clk 0:00:47]} 35. Bxd5+ {[%clk 0:00:41]} Bxd5
{[%clk 0:00:55]} 36. Qxa4 {[%clk 0:00:39]} h6 {[%clk 0:01:09]} 37. Bc1
{[%clk 0:00:39]} Kh7 {[%clk 0:01:06]} 38. a3 {[%clk 0:00:44]} Bc6
{[%clk 0:00:53]} 39. Qa5 {[%clk 0:00:48]} Ra7 {[%clk 0:00:59]} 40. Qb4
{[%clk 0:30:37]} Qd5 {[%clk 0:31:23]} 41. Kf1 {[%clk 0:30:22]} Bb5
{[%clk 0:31:05]} 42. Rd1 {[%clk 0:28:43]} e4 {[%clk 0:30:48]} 0-1

[Event "WYCC Girls U16"]
[Site "Porto Carras"]
[Date "2015.11.01"]
[Round "7.4"]
[White "Sieber, Fiona"]
[Black "Buiza Prieto, Eihartze"]
[Result "1-0"]
[BlackElo "2057"]
[WhiteElo "2180"]
[LiveChessVersion "1.4.6"]

1. e4 {[%clk 1:30:58]} c5 {[%clk 1:30:52]} 2. Nf3 {[%clk 1:31:23]} d6
{[%clk 1:31:17]} 3. d4 {[%clk 1:31:49]} cxd4 {[%clk 1:31:42]} 4. Nxd4
{[%clk 1:32:15]} Nf6 {[%clk 1:32:07]} 5. Nc3 {[%clk 1:32:41]} g6 {[%clk 1:32:32]}
6. Be3 {[%clk 1:33:07]} Bg7 {[%clk 1:32:57]} 7. f3 {[%clk 1:33:33]} O-O
{[%clk 1:33:21]} 8. Qd2 {[%clk 1:33:58]} Nc6 {[%clk 1:33:47]} 9. g4
{[%clk 1:34:22]} Bxg4 {[%clk 1:25:50]} 10. fxg4 {[%clk 1:34:36]} Nxg4
{[%clk 1:26:12]} 11. Nxc6 {[%clk 1:35:01]} bxc6 {[%clk 1:26:38]} 12. Bf4
{[%clk 1:35:22]} Rb8 {[%clk 1:21:19]} 13. Be2 {[%clk 1:34:45]} Ne5
{[%clk 1:20:38]} 14. Nd1 {[%clk 1:31:07]} f5 {[%clk 1:16:28]} 15. exf5
{[%clk 1:27:05]} Rxf5 {[%clk 1:15:49]} 16. O-O {[%clk 1:26:24]} Qb6+
{[%clk 1:08:35]} 17. Be3 {[%clk 1:22:16]} Rxf1+ {[%clk 1:07:28]} 18. Kxf1
{[%clk 1:22:27]} Rf8+ {[%clk 1:07:44]} 19. Kg1 {[%clk 1:20:37]} Qb7
{[%clk 1:07:08]} 20. c3 {[%clk 1:08:46]} Nf7 {[%clk 0:57:55]} 21. Nf2
{[%clk 1:05:04]} d5 {[%clk 0:55:29]} 22. Rf1 {[%clk 0:49:04]} Nd6
{[%clk 0:53:05]} 23. Bc5 {[%clk 0:42:29]} Qc7 {[%clk 0:47:44]} 24. Bd3
{[%clk 0:39:02]} e5 {[%clk 0:43:08]} 25. c4 {[%clk 0:37:23]} e4 {[%clk 0:38:02]}
26. Bxd6 {[%clk 0:35:29]} Qxd6 {[%clk 0:35:09]} 27. Bxe4 {[%clk 0:31:57]} Be5
{[%clk 0:34:24]} 28. cxd5 {[%clk 0:30:57]} Bxh2+ {[%clk 0:33:49]} 29. Kh1
{[%clk 0:31:26]} Bg3 {[%clk 0:30:52]} 30. Bg2 {[%clk 0:29:59]} cxd5
{[%clk 0:22:54]} 31. Qxd5+ {[%clk 0:28:22]} Qxd5 {[%clk 0:18:56]} 32. Bxd5+
{[%clk 0:28:51]} Kg7 {[%clk 0:19:05]} 33. Kg2 {[%clk 0:29:15]} Be5
{[%clk 0:19:26]} 34. Nd3 {[%clk 0:29:11]} Bf6 {[%clk 0:19:48]} 35. Nc5
{[%clk 0:26:09]} Rc8 {[%clk 0:19:20]} 36. b4 {[%clk 0:19:16]} h5 {[%clk 0:18:18]}
37. Kh3 {[%clk 0:13:25]} a5 {[%clk 0:16:03]} 38. Ne6+ {[%clk 0:08:58]} Kf7
{[%clk 0:16:01]} 39. b5 {[%clk 0:07:18]} Rc3+ {[%clk 0:15:47]} 40. Kg2
{[%clk 0:37:37]} Ke7 {[%clk 0:45:17]} 41. Nf4 {[%clk 0:35:01]} Kd6
{[%clk 0:43:29]} 42. Bb3 {[%clk 0:29:06]} Be5 {[%clk 0:42:07]} 43. Rd1+
{[%clk 0:29:01]} 1-0

[Event "WYCC Girls U16"]
[Site "Porto Carras"]
[Date "2015.11.01"]
[Round "7.5"]
[White "Injac, Teodora"]
[Black "Alinasab, Mobina"]
[Result "1-0"]
[BlackElo "1993"]
[WhiteElo "2121"]
[LiveChessVersion "1.4.6"]

1. Nf3 {[%clk 1:30:54]} Nf6 {[%clk 1:30:53]} 2. c4 {[%clk 1:31:14]} e6
{[%clk 1:31:05]} 3. g3 {[%clk 1:31:33]} d5 {[%clk 1:29:25]} 4. b3
{[%clk 1:30:54]} b6 {[%clk 1:26:37]} 5. Bg2 {[%clk 1:30:45]} Bb7 {[%clk 1:27:02]}
6. O-O {[%clk 1:30:35]} dxc4 {[%clk 1:22:57]} 7. bxc4 {[%clk 1:30:55]} c5
{[%clk 1:21:08]} 8. Bb2 {[%clk 1:30:12]} Be7 {[%clk 1:21:14]} 9. e3
{[%clk 1:27:01]} O-O {[%clk 1:18:56]} 10. Qe2 {[%clk 1:25:45]} Nc6
{[%clk 1:10:22]} 11. d3 {[%clk 1:23:50]} Nd7 {[%clk 1:03:14]} 12. Nc3
{[%clk 1:15:48]} Bf6 {[%clk 1:03:05]} 13. Rad1 {[%clk 1:15:25]} Rc8
{[%clk 0:58:28]} 14. Nd2 {[%clk 1:10:24]} Qc7 {[%clk 0:49:08]} 15. Nde4
{[%clk 1:09:03]} Be7 {[%clk 0:49:04]} 16. f4 {[%clk 1:04:13]} f5 {[%clk 0:42:25]}
17. Nd2 {[%clk 0:57:05]} Nf6 {[%clk 0:39:07]} 18. Nf3 {[%clk 0:55:36]} Rfd8
{[%clk 0:37:37]} 19. Nb5 {[%clk 0:43:36]} Qb8 {[%clk 0:34:13]} 20. e4
{[%clk 0:31:53]} fxe4 {[%clk 0:22:17]} 21. dxe4 {[%clk 0:32:06]} a6
{[%clk 0:22:18]} 22. e5 {[%clk 0:27:47]} Ne8 {[%clk 0:19:50]} 23. Nd6
{[%clk 0:23:55]} Bxd6 {[%clk 0:15:22]} 24. exd6 {[%clk 0:24:20]} Rxd6
{[%clk 0:14:20]} 25. Bh3 {[%clk 0:21:11]} Nd8 {[%clk 0:05:37]} 26. Be5
{[%clk 0:19:35]} Rcc6 {[%clk 0:05:29]} 27. Ng5 {[%clk 0:18:16]} h6
{[%clk 0:05:00]} 28. Ne4 {[%clk 0:17:18]} Bc8 {[%clk 0:05:06]} 29. Nxd6
{[%clk 0:14:54]} Nxd6 {[%clk 0:05:34]} 30. Bg2 {[%clk 0:14:22]} 1-0

[Event "WYCC Girls U16"]
[Site "Porto Carras"]
[Date "2015.11.01"]
[Round "7.6"]
[White "Rogozenco, Teodora"]
[Black "Tsolakidou, Stavroula"]
[Result "0-1"]
[BlackElo "2279"]
[WhiteElo "2110"]
[LiveChessVersion "1.4.6"]

1. Nf3 {[%clk 1:30:55]} Nf6 {[%clk 1:30:52]} 2. g3 {[%clk 1:31:15]} d5
{[%clk 1:30:59]} 3. Bg2 {[%clk 1:31:39]} c6 {[%clk 1:31:15]} 4. O-O
{[%clk 1:31:40]} Bg4 {[%clk 1:30:47]} 5. d3 {[%clk 1:31:26]} Nbd7
{[%clk 1:30:54]} 6. Qe1 {[%clk 1:23:20]} e5 {[%clk 1:29:15]} 7. e4
{[%clk 1:22:26]} dxe4 {[%clk 1:26:37]} 8. dxe4 {[%clk 1:22:50]} Be7
{[%clk 1:23:45]} 9. Nbd2 {[%clk 1:23:00]} O-O {[%clk 1:19:40]} 10. Nc4
{[%clk 1:18:57]} Qc7 {[%clk 1:16:25]} 11. Ne3 {[%clk 1:10:14]} Bh5
{[%clk 1:11:47]} 12. Nf5 {[%clk 1:10:07]} Rfe8 {[%clk 1:02:17]} 13. Nxe7+
{[%clk 1:05:42]} Rxe7 {[%clk 1:02:33]} 14. a4 {[%clk 0:47:33]} Nc5
{[%clk 0:50:13]} 15. Nd2 {[%clk 0:47:52]} Ne6 {[%clk 0:47:05]} 16. f3
{[%clk 0:46:03]} Nd4 {[%clk 0:42:21]} 17. Qd1 {[%clk 0:46:01]} Rd8
{[%clk 0:37:05]} 18. c3 {[%clk 0:45:45]} Ne6 {[%clk 0:34:40]} 19. Qc2
{[%clk 0:42:28]} Red7 {[%clk 0:21:57]} 20. Nc4 {[%clk 0:41:45]} b5
{[%clk 0:13:58]} 21. axb5 {[%clk 0:41:50]} cxb5 {[%clk 0:14:22]} 22. Ne3
{[%clk 0:41:24]} Bg6 {[%clk 0:12:47]} 23. Bh3 {[%clk 0:19:26]} Qb6
{[%clk 0:09:26]} 24. Qf2 {[%clk 0:16:22]} Rd3 {[%clk 0:08:06]} 25. Bxe6
{[%clk 0:15:57]} fxe6 {[%clk 0:07:40]} 26. Nc2 {[%clk 0:10:41]} Rxf3
{[%clk 0:04:45]} 27. Qxb6 {[%clk 0:09:28]} Rxf1+ {[%clk 0:05:09]} 28. Kxf1
{[%clk 0:09:55]} Rd1+ {[%clk 0:02:34]} 29. Ke2 {[%clk 0:03:58]} Bh5+
{[%clk 0:02:52]} 30. Ke3 {[%clk 0:04:06]} axb6 {[%clk 0:01:18]} 31. h3
{[%clk 0:02:26]} Rh1 {[%clk 0:00:45]} 32. h4 {[%clk 0:01:05]} Rf1
{[%clk 0:00:42]} 33. Bd2 {[%clk 0:00:36]} Rf3+ {[%clk 0:00:59]} 34. Ke2
{[%clk 0:00:54]} Rxc3+ {[%clk 0:01:15]} 0-1

[Event "WYCC Girls U16"]
[Site "Porto Carras"]
[Date "2015.11.01"]
[Round "7.7"]
[White "Kubicka, Anna"]
[Black "Unuk, Laura"]
[Result "1/2-1/2"]
[BlackElo "2244"]
[WhiteElo "2093"]
[LiveChessVersion "1.4.6"]

1. e4 {[%clk 1:30:58]} e6 {[%clk 1:30:42]} 2. d4 {[%clk 1:31:22]} d5
{[%clk 1:31:04]} 3. Nd2 {[%clk 1:31:46]} c5 {[%clk 1:30:58]} 4. exd5
{[%clk 1:32:05]} Qxd5 {[%clk 1:31:17]} 5. Ngf3 {[%clk 1:32:27]} cxd4
{[%clk 1:31:35]} 6. Bc4 {[%clk 1:32:51]} Qd7 {[%clk 1:30:42]} 7. O-O
{[%clk 1:32:24]} Nc6 {[%clk 1:30:53]} 8. Nb3 {[%clk 1:32:14]} Nf6
{[%clk 1:30:30]} 9. Nbxd4 {[%clk 1:31:32]} Nxd4 {[%clk 1:30:46]} 10. Nxd4
{[%clk 1:31:58]} a6 {[%clk 1:31:01]} 11. Re1 {[%clk 1:31:41]} b5 {[%clk 1:28:48]}
12. Bb3 {[%clk 1:22:55]} Bc5 {[%clk 1:26:08]} 13. c3 {[%clk 1:21:43]} O-O
{[%clk 1:21:39]} 14. Bg5 {[%clk 1:19:51]} Bxd4 {[%clk 1:21:26]} 15. cxd4
{[%clk 1:19:19]} Bb7 {[%clk 1:21:23]} 16. Bxf6 {[%clk 1:17:22]} gxf6
{[%clk 1:21:41]} 17. Qg4+ {[%clk 1:17:15]} Kh8 {[%clk 1:21:59]} 18. Qh4
{[%clk 1:16:48]} Qd8 {[%clk 1:19:20]} 19. Re3 {[%clk 1:05:52]} f5
{[%clk 1:13:36]} 20. Qf4 {[%clk 1:01:30]} Rg8 {[%clk 1:07:22]} 21. Rg3
{[%clk 0:57:37]} Qf6 {[%clk 1:06:00]} 22. Rc1 {[%clk 0:46:16]} Rad8
{[%clk 1:01:57]} 23. Rxg8+ {[%clk 0:37:25]} Rxg8 {[%clk 0:57:51]} 24. f3
{[%clk 0:35:33]} Rd8 {[%clk 0:45:35]} 25. Qe5 {[%clk 0:33:04]} Kg7
{[%clk 0:40:11]} 26. Bxe6 {[%clk 0:20:54]} Qxe5 {[%clk 0:28:03]} 27. dxe5
{[%clk 0:21:19]} fxe6 {[%clk 0:28:05]} 28. Rc7+ {[%clk 0:21:46]} Kg6
{[%clk 0:28:22]} 29. Rxb7 {[%clk 0:22:11]} Rd1+ {[%clk 0:24:48]} 30. Kf2
{[%clk 0:22:37]} f4 {[%clk 0:24:03]} 31. g4 {[%clk 0:13:44]} Rd2+
{[%clk 0:16:20]} 32. Kg1 {[%clk 0:14:00]} Rxb2 {[%clk 0:16:28]} 33. a4
{[%clk 0:12:03]} Rb3 {[%clk 0:15:33]} 34. axb5 {[%clk 0:12:11]} Rxb5
{[%clk 0:15:15]} 35. Rc7 {[%clk 0:07:32]} Rxe5 {[%clk 0:15:05]} 36. Rc4
{[%clk 0:07:36]} Kg5 {[%clk 0:14:02]} 37. Ra4 {[%clk 0:07:59]} a5
{[%clk 0:14:05]} 38. Kf2 {[%clk 0:07:25]} Rd5 {[%clk 0:13:01]} 39. h4+
{[%clk 0:07:38]} Kxh4 {[%clk 0:13:12]} 40. Rxf4 {[%clk 0:38:04]} Kg5
{[%clk 0:31:35]} 41. Ra4 {[%clk 0:36:16]} Kf6 {[%clk 0:30:45]} 42. Ke3
{[%clk 0:34:54]} Ke5 {[%clk 0:30:29]} 43. Ra2 {[%clk 0:33:00]} Rb5
{[%clk 0:27:47]} 44. f4+ {[%clk 0:29:22]} Kd5 {[%clk 0:27:52]} 45. Ra4
{[%clk 0:28:15]} Kc6 {[%clk 0:25:20]} 46. Re4 {[%clk 0:21:44]} Kd6
{[%clk 0:24:50]} 47. Ra4 {[%clk 0:17:10]} e5 {[%clk 0:21:12]} 48. f5
{[%clk 0:14:23]} h6 {[%clk 0:16:44]} 49. Kf3 {[%clk 0:07:17]} Ke7 50. Rc4
{[%clk 0:04:59]} Rb3+ {[%clk 0:09:58]} 51. Ke4 {[%clk 0:04:16]} Kd6
{[%clk 0:06:08]} 52. Rc8 {[%clk 0:04:16]} Rb4+ {[%clk 0:04:14]} 53. Kf3
{[%clk 0:04:28]} a4 {[%clk 0:02:52]} 54. Rh8 {[%clk 0:03:44]} a3 {[%clk 0:02:53]}
55. Rxh6+ {[%clk 0:04:11]} Kd5 {[%clk 0:03:20]} 56. Ra6 {[%clk 0:03:07]} Rb3+
{[%clk 0:03:17]} 57. Kf2 {[%clk 0:03:11]} e4 58. f6 {[%clk 0:02:44]} Ke5
{[%clk 0:00:33]} 59. g5 {[%clk 0:01:47]} Kf4 {[%clk 0:00:39]} 60. f7
{[%clk 0:01:21]} Rf3+ {[%clk 0:00:42]} 61. Ke2 {[%clk 0:01:39]} Kxg5
{[%clk 0:00:47]} 62. Ra5+ {[%clk 0:01:08]} Kg6 {[%clk 0:00:37]} 63. Rxa3
{[%clk 0:01:28]} Rxf7 {[%clk 0:00:51]} 64. Ra6+ {[%clk 0:01:01]} Kf5
{[%clk 0:00:38]} 65. Ke3 {[%clk 0:01:20]} Re7 {[%clk 0:01:01]} 66. Ra5+
{[%clk 0:01:03]} Re5 {[%clk 0:01:24]} 67. Rxe5+ {[%clk 0:00:42]} Kxe5
{[%clk 0:01:50]} 68. Ke2 {[%clk 0:01:07]} Kd4 {[%clk 0:02:13]} 69. Kd2
{[%clk 0:01:32]} e3+ {[%clk 0:02:40]} 70. Ke2 {[%clk 0:01:56]} Ke4
{[%clk 0:03:06]} 71. Ke1 {[%clk 0:02:13]} Kf4 {[%clk 0:03:30]} 72. Ke2
{[%clk 0:02:35]} Ke4 {[%clk 0:03:57]} 73. Ke1 {[%clk 0:03:00]} Kd3
{[%clk 0:04:23]} 74. Kd1 {[%clk 0:03:24]} e2+ {[%clk 0:04:49]} 75. Ke1
{[%clk 0:03:50]} Ke3 {[%clk 0:05:14]} 1/2-1/2

[Event "WYCC Girls U16"]
[Site "Porto Carras"]
[Date "2015.11.01"]
[Round "7.8"]
[White "Chung, Mathilde"]
[Black "Eswaran, Ashritha"]
[Result "0-1"]
[BlackElo "2207"]
[WhiteElo "2087"]
[LiveChessVersion "1.4.6"]

1. d4 {[%clk 1:30:58]} Nf6 {[%clk 1:30:27]} 2. Nf3 {[%clk 1:31:08]} e6
{[%clk 1:30:34]} 3. e3 {[%clk 1:31:30]} b6 {[%clk 1:30:35]} 4. Bd3
{[%clk 1:31:49]} Bb7 {[%clk 1:30:26]} 5. O-O {[%clk 1:31:48]} d5 {[%clk 1:30:32]}
6. b3 {[%clk 1:29:28]} Nbd7 {[%clk 1:29:19]} 7. Bb2 {[%clk 1:29:27]} Bd6
{[%clk 1:28:46]} 8. Ne5 {[%clk 1:27:38]} O-O {[%clk 1:26:39]} 9. Nd2
{[%clk 1:25:45]} Ne4 {[%clk 1:25:28]} 10. f3 {[%clk 1:22:30]} Nxd2
{[%clk 1:22:38]} 11. Qxd2 {[%clk 1:22:55]} c5 {[%clk 1:21:12]} 12. Nxd7
{[%clk 1:11:58]} Qxd7 {[%clk 1:21:03]} 13. dxc5 {[%clk 1:11:37]} Bxc5
{[%clk 1:20:18]} 14. Kh1 {[%clk 1:06:16]} Qe7 {[%clk 1:16:05]} 15. Rad1
{[%clk 0:56:53]} e5 {[%clk 1:10:25]} 16. e4 {[%clk 0:43:14]} dxe4
{[%clk 1:02:22]} 17. Bxe4 {[%clk 0:43:33]} Rad8 {[%clk 0:53:11]} 18. Qe2
{[%clk 0:43:15]} Bxe4 {[%clk 0:50:58]} 19. Qxe4 {[%clk 0:43:15]} f6
{[%clk 0:50:57]} 20. Rd5 {[%clk 0:40:24]} Rxd5 {[%clk 0:49:07]} 21. Qxd5+
{[%clk 0:40:49]} Qf7 {[%clk 0:49:32]} 22. Rd1 {[%clk 0:39:47]} Qxd5
{[%clk 0:48:49]} 23. Rxd5 {[%clk 0:40:13]} Re8 {[%clk 0:49:11]} 24. g3
{[%clk 0:32:48]} e4 {[%clk 0:44:14]} 25. fxe4 {[%clk 0:31:34]} Rxe4
{[%clk 0:44:36]} 26. Rd2 {[%clk 0:30:49]} Kf7 {[%clk 0:38:39]} 27. Kg2
{[%clk 0:31:01]} Ke6 {[%clk 0:36:29]} 28. c3 {[%clk 0:24:51]} g5 {[%clk 0:32:52]}
29. Bc1 {[%clk 0:22:15]} Re1 {[%clk 0:26:03]} 30. Rc2 {[%clk 0:18:27]} Kd5
{[%clk 0:21:16]} 31. Kf3 {[%clk 0:08:54]} h5 {[%clk 0:19:33]} 32. h3
{[%clk 0:09:03]} Rh1 {[%clk 0:17:20]} 33. b4 {[%clk 0:06:38]} Bd6
{[%clk 0:15:08]} 34. c4+ {[%clk 0:04:40]} Kc6 {[%clk 0:13:58]} 35. c5
{[%clk 0:03:22]} bxc5 {[%clk 0:14:20]} 36. bxc5 {[%clk 0:03:51]} Be5
{[%clk 0:14:39]} 37. Kg2 {[%clk 0:04:04]} Rd1 {[%clk 0:14:20]} 38. Be3
{[%clk 0:04:18]} Rd3 {[%clk 0:13:45]} 39. Bf2 {[%clk 0:03:44]} a5
{[%clk 0:11:18]} 40. Be1 {[%clk 0:30:52]} a4 {[%clk 0:40:38]} 41. Bf2
{[%clk 0:30:46]} a3 {[%clk 0:39:16]} 42. Be1 {[%clk 0:29:12]} Rd1
{[%clk 0:33:40]} 43. Bb4 {[%clk 0:28:56]} Rd4 {[%clk 0:29:28]} 44. Bd2
{[%clk 0:22:32]} Rd5 {[%clk 0:28:09]} 45. Bb4 {[%clk 0:22:44]} Kb5
{[%clk 0:28:17]} 46. Bxa3 {[%clk 0:17:45]} Rd3 {[%clk 0:27:34]} 47. Bb2
{[%clk 0:17:17]} Rxg3+ {[%clk 0:27:59]} 48. Kf1 {[%clk 0:17:34]} Bxb2
{[%clk 0:27:54]} 49. Rxb2+ {[%clk 0:18:03]} Kxc5 {[%clk 0:28:16]} 50. h4
{[%clk 0:17:07]} Rg4 {[%clk 0:23:22]} 51. Rf2 {[%clk 0:15:29]} Rxh4
{[%clk 0:23:27]} 52. Rxf6 {[%clk 0:15:56]} Rf4+ {[%clk 0:23:50]} 0-1

[Event "WYCC Girls U16"]
[Site "Porto Carras"]
[Date "2015.11.01"]
[Round "7.9"]
[White "Aakanksha, Hagawane"]
[Black "Harshita, Guddanti"]
[Result "0-1"]
[BlackElo "2181"]
[WhiteElo "2061"]
[LiveChessVersion "1.4.6"]

1. e4 {[%clk 1:30:57]} c5 {[%clk 1:30:55]} 2. Nf3 {[%clk 1:31:17]} d6
{[%clk 1:31:19]} 3. d4 {[%clk 1:31:38]} cxd4 {[%clk 1:31:44]} 4. Nxd4
{[%clk 1:32:04]} Nf6 {[%clk 1:32:11]} 5. Nc3 {[%clk 1:32:27]} g6 {[%clk 1:32:38]}
6. Be3 {[%clk 1:32:45]} Bg7 {[%clk 1:33:04]} 7. f3 {[%clk 1:33:06]} O-O
{[%clk 1:33:26]} 8. Qd2 {[%clk 1:33:28]} Nc6 {[%clk 1:33:51]} 9. Bc4
{[%clk 1:33:44]} Bd7 {[%clk 1:34:16]} 10. Bb3 {[%clk 1:33:57]} Rc8
{[%clk 1:34:37]} 11. O-O-O {[%clk 1:33:30]} Nxd4 {[%clk 1:34:55]} 12. Bxd4
{[%clk 1:33:51]} b5 {[%clk 1:35:04]} 13. h4 {[%clk 1:31:23]} a5 {[%clk 1:34:03]}
14. h5 {[%clk 0:54:11]} a4 {[%clk 1:34:01]} 15. Bxf6 {[%clk 0:52:18]} Bxf6
{[%clk 1:34:02]} 16. hxg6 {[%clk 0:50:45]} e6 {[%clk 1:34:23]} 17. e5
{[%clk 0:24:01]} Bg7 {[%clk 1:34:05]} 18. Rxh7 {[%clk 0:19:14]} Bxe5
{[%clk 1:33:54]} 19. g7 {[%clk 0:15:05]} Bxg7 {[%clk 1:26:53]} 20. Rdh1
{[%clk 0:13:25]} Qf6 {[%clk 1:22:07]} 21. Ne4 {[%clk 0:12:21]} Qxb2+
{[%clk 1:07:18]} 22. Kd1 {[%clk 0:12:47]} f5 {[%clk 0:43:40]} 23. Qg5
{[%clk 0:09:48]} Qd4+ {[%clk 0:33:52]} 24. Ke1 {[%clk 0:07:05]} axb3
{[%clk 0:17:20]} 25. Qg6 {[%clk 0:05:06]} Qa1+ {[%clk 0:11:40]} 26. Kf2
{[%clk 0:03:57]} Rxc2+ {[%clk 0:11:28]} 27. Kg3 {[%clk 0:03:59]} f4+
{[%clk 0:07:04]} 28. Kh2 {[%clk 0:03:00]} Qb2 {[%clk 0:06:58]} 29. Rh4
{[%clk 0:02:05]} Rxg2+ {[%clk 0:05:10]} 30. Qxg2 {[%clk 0:02:27]} Qxg2+
{[%clk 0:05:10]} 31. Kxg2 {[%clk 0:02:56]} bxa2 {[%clk 0:05:25]} 32. Rg4
{[%clk 0:03:03]} b4 {[%clk 0:04:05]} 33. Ra1 {[%clk 0:00:49]} b3 {[%clk 0:04:20]}
34. Nd2 {[%clk 0:01:11]} Kf7 {[%clk 0:01:48]} 35. Rxg7+ {[%clk 0:01:02]} Kxg7
{[%clk 0:02:14]} 36. Nxb3 {[%clk 0:01:28]} Rb8 {[%clk 0:01:16]} 37. Rxa2
{[%clk 0:01:47]} Rxb3 {[%clk 0:01:41]} 38. Ra7 {[%clk 0:02:14]} Kf6
{[%clk 0:02:02]} 39. Rxd7 {[%clk 0:02:39]} d5 {[%clk 0:01:47]} 40. Rd8
{[%clk 0:32:44]} Ke5 {[%clk 0:31:10]} 41. Rf8 {[%clk 0:32:31]} Rb2+
{[%clk 0:30:11]} 42. Kf1 {[%clk 0:32:38]} Rh2 {[%clk 0:27:47]} 43. Kg1
{[%clk 0:32:09]} Rh4 {[%clk 0:27:55]} 44. Re8 {[%clk 0:32:09]} Kd6
{[%clk 0:27:43]} 45. Rd8+ {[%clk 0:32:28]} Ke7 {[%clk 0:27:14]} 46. Ra8
{[%clk 0:32:50]} Rh5 {[%clk 0:25:24]} 47. Kf1 {[%clk 0:33:04]} e5
{[%clk 0:25:08]} 48. Ra7+ {[%clk 0:33:28]} Kd6 {[%clk 0:25:00]} 49. Ra6+
{[%clk 0:33:51]} Kc5 {[%clk 0:25:08]} 50. Ra5+ {[%clk 0:33:56]} Kc4
{[%clk 0:24:12]} 51. Ra4+ {[%clk 0:32:38]} Kb5 {[%clk 0:24:36]} 52. Ra8
{[%clk 0:32:51]} Kc5 {[%clk 0:20:32]} 53. Ra5+ {[%clk 0:33:01]} Kd6
{[%clk 0:20:59]} 54. Ra6+ {[%clk 0:33:26]} Ke7 {[%clk 0:21:25]} 55. Ke2
{[%clk 0:32:48]} e4 {[%clk 0:20:02]} 56. fxe4 {[%clk 0:32:48]} dxe4
{[%clk 0:20:25]} 57. Ra4 {[%clk 0:32:58]} Re5 {[%clk 0:20:46]} 58. Ra6
{[%clk 0:33:00]} Re6 {[%clk 0:21:00]} 59. Ra5 {[%clk 0:33:20]} Kf6
{[%clk 0:20:55]} 60. Rb5 {[%clk 0:33:30]} e3 {[%clk 0:20:02]} 61. Rb2
{[%clk 0:33:23]} Ke5 {[%clk 0:12:34]} 62. Rb5+ {[%clk 0:32:59]} Ke4
{[%clk 0:12:48]} 63. Rb4+ {[%clk 0:33:09]} Kf5 {[%clk 0:13:14]} 64. Rb8
{[%clk 0:33:19]} f3+ {[%clk 0:12:49]} 65. Ke1 {[%clk 0:33:24]} e2
{[%clk 0:12:29]} 66. Rf8+ {[%clk 0:33:24]} Kg4 {[%clk 0:11:57]} 67. Rg8+
{[%clk 0:33:11]} Kf4 {[%clk 0:12:23]} 68. Rf8+ {[%clk 0:33:37]} Ke3
{[%clk 0:11:20]} 69. Rf7 {[%clk 0:33:55]} Ra6 {[%clk 0:10:22]} 70. Re7+
{[%clk 0:34:14]} Kf4 {[%clk 0:10:49]} 71. Rf7+ {[%clk 0:33:45]} Kg4
{[%clk 0:11:16]} 72. Rg7+ {[%clk 0:33:21]} Kh5 {[%clk 0:11:41]} 73. Rh7+
{[%clk 0:32:50]} Kg6 {[%clk 0:12:06]} 0-1

[Event "WYCC Girls U16"]
[Site "Porto Carras"]
[Date "2015.11.01"]
[Round "7.10"]
[White "Di Benedetto, Desiree"]
[Black "Pychova, Nela"]
[Result "0-1"]
[BlackElo "2137"]
[WhiteElo "2083"]
[LiveChessVersion "1.4.6"]

1. e4 {[%clk 1:30:57]} c6 {[%clk 1:30:54]} 2. d4 {[%clk 1:31:22]} d5
{[%clk 1:31:18]} 3. Nc3 {[%clk 1:31:46]} dxe4 {[%clk 1:31:35]} 4. Nxe4
{[%clk 1:32:07]} Bf5 {[%clk 1:31:27]} 5. Ng3 {[%clk 1:32:29]} Bg6
{[%clk 1:31:47]} 6. Nh3 {[%clk 1:32:53]} e6 {[%clk 1:15:48]} 7. Nf4
{[%clk 1:32:53]} Bd6 {[%clk 1:15:41]} 8. Ngh5 {[%clk 1:32:54]} Bxh5
{[%clk 1:06:05]} 9. Nxh5 {[%clk 1:32:55]} g6 {[%clk 1:04:55]} 10. Ng3
{[%clk 1:33:15]} Nf6 {[%clk 1:04:41]} 11. Bh6 {[%clk 1:32:41]} Nbd7
{[%clk 1:01:47]} 12. c3 {[%clk 1:27:46]} Bf8 {[%clk 0:58:16]} 13. Bxf8
{[%clk 1:21:36]} Rxf8 {[%clk 0:56:39]} 14. Qf3 {[%clk 1:17:07]} Qc7
{[%clk 0:50:29]} 15. Be2 {[%clk 1:14:27]} O-O-O {[%clk 0:48:14]} 16. O-O
{[%clk 1:12:14]} h5 {[%clk 0:45:37]} 17. b4 {[%clk 1:07:35]} g5 {[%clk 0:38:15]}
18. b5 {[%clk 0:51:54]} g4 {[%clk 0:29:44]} 19. Qe3 {[%clk 0:49:38]} h4
{[%clk 0:23:36]} 20. Ne4 {[%clk 0:42:05]} Nd5 {[%clk 0:14:59]} 21. Qd2
{[%clk 0:36:43]} c5 {[%clk 0:12:59]} 22. c4 {[%clk 0:24:55]} Nf4 23. d5
{[%clk 0:22:45]} exd5 {[%clk 0:08:41]} 24. cxd5 {[%clk 0:22:16]} Qe5
{[%clk 0:07:55]} 25. Bd3 {[%clk 0:15:22]} Nxd5 {[%clk 0:05:14]} 26. Rfe1
{[%clk 0:10:27]} Qd4 {[%clk 0:04:24]} 27. Nd6+ {[%clk 0:09:25]} Kb8
{[%clk 0:03:55]} 28. Nf5 {[%clk 0:09:26]} Qf6 {[%clk 0:02:58]} 29. Be4
{[%clk 0:08:38]} N7b6 {[%clk 0:02:29]} 30. Rac1 {[%clk 0:08:41]} c4
{[%clk 0:02:28]} 31. Qe2 {[%clk 0:06:51]} g3 {[%clk 0:01:46]} 32. hxg3
{[%clk 0:06:05]} hxg3 {[%clk 0:02:01]} 33. Nxg3 {[%clk 0:05:56]} Rh8
{[%clk 0:01:38]} 34. Bf3 {[%clk 0:03:24]} Qh4 {[%clk 0:01:24]} 35. Qe5+
{[%clk 0:03:14]} Ka8 {[%clk 0:01:36]} 36. a4 {[%clk 0:03:00]} Nf4
{[%clk 0:01:18]} 37. Bxb7+ {[%clk 0:01:38]} Kxb7 {[%clk 0:01:44]} 38. Qe4+
{[%clk 0:01:35]} Nbd5 {[%clk 0:01:51]} 39. f3 {[%clk 0:00:37]} Qh2+
{[%clk 0:02:09]} 0-1